000 01094cam a2200277 a 4500
999 _c2651
_d2651
001 4253253
003 GZU
005 20201104120943.0
008 870812s1983 sa b 000 0 eng
010 _a 83214563
020 _a0869907123
040 _aDLC
_cDLC
_dDLC
050 0 0 _aHX36
_b.L27 1983
082 0 0 _a261.2/1
_219
100 1 _aLaan, H. van der
_q(Hendrikus),
_d1932-
245 1 0 _aCommunism in a Christian perspective :
_bphilosophical essays in the development of Communism /
_cHenk van der Laan.
260 _aPotchefstroom :
_bPotchefstroom University for CHE,
_c1983.
300 _a93 p. ;
_c21 cm.
490 1 _aWetenskaplike bydraes of the PU for CHE. Series F2, Brochures of the Institute for Reformational Studies ;
_vno. 22
504 _aBibliography: p. 91-93.
650 0 _aCommunism
_xHistory.
650 0 _aCommunism and Christianity.
830 0 _aWetenskaplike bydraes van die PU vir CHO.
_nReeks F2,
_pBrosjures van die Instituut vir Reformatoriese Studie ;
_vnr. 22.
906 _a7
_bcbc
_corignew
_d3
_encip
_f19
_gy-gencatlg
942 _2lcc
_cBK
_h36
_iLAA
_kHX
_m1983